000 00350nam a2200109Ia 4500
008 220204s9999 xx 000 0 und d
082 _a058STA
_bSTA
245 0 _aStatesman's yearbook: The essential political and economic guide to all the countries of the world 1998-1999
260 _aLondon
_bMacmillan
_c1998
700 _aTurner, Barry
942 _cBK
999 _c41538
_d41538